Yorgo Becanos 1900-1977 [CD-ROM Soundrecording] (Record no. 116538)

MARC details
000 -BAŞLIK
Sabit Uzunluktaki Kontrol Alanı 01679nam a22002297a 4500
003 - KONTROL NUMARASI KİMLİĞİ
Kontrol Alanı KOHA_MİRAKIL
005 - EN SON İŞLEM TARİHİ ve ZAMANI
Kontrol Alanı 20240814100434.0
008 - SABİT UZUNLUKTAKİ VERİ ÖGELERİ - GENEL BİLGİ
Sabit Alan 231005b ||||| |||| 00| 0 eng d
020 ## - ISBN - ULUSLARARASI STANDART KİTAP NUMARASI
Isbn 8691834001718
040 ## - KATALOGLAMA KAYNAĞI
Özgün Kataloglama Kurumu TR-IsTIV
Kataloglama Dili tur
Çeviri Kurumu TR-IsTIV
041 ## - DİL KODU
Metin ya da ses kaydının dil kodu tur
Özgün materyalin dil kodu tur
Orjinal Dil Kodu tur
090 ## - YEREL YER NUMARASI
Yerel Yer Numarası DVD8.0929
100 1# - KİŞİ ADI
Yazar Adı (Kişi adı) Becanos, Yorgo
İsimle ilişkili tarihler 1900-1977
245 10 - ESER ADI BİLDİRİMİ
Başlık Yorgo Becanos 1900-1977 [CD-ROM Soundrecording]
260 ## - YAYIN, DAĞITIM, VB.
Yayın Yeri İstanbul
Yayınevi Kalan Müzik Yapım
Yayın Tarihi 1997
300 ## - FİZİKSEL TANIMLAMA
Diğer fiziki detaylar 1 sound disc :|bdigital ;|c4 3/4 in +|e1 booklet.
440 ## - SERIES STATEMENT/ADDED ENTRY--TITLE
Albüm İçindekiler Kalan Müzik Arşiv Serisi
505 ## - İÇİNDEKİLER NOTU
İçindekiler Notu 1.Selmek Taksim<br/>2-Segâh Taksim<br/>3-Mahur Şarkı (Gülşen-i Ehzar Açtı Yorgo Becanos'un Udu eşliğinde okuyanlar Hafız Kemal-Sadettin Kaynak)<br/>4-Mahur Taksim <br/>5-Hüzzam Gazel (Gözü Dünya mı görür aşk-ı didar olanın)<br/>6-Hüseyni Taksim<br/>7-Nihavend Taksim<br/>8-Hicazkar Taksim (Piyano ile)<br/>9-Şadraban Peşrev (İki Hane ile) (Refik Fersan) Çalanlar Yorgo Becanos Sadi Işılay (Keman) Haluk Recai (Kemençe) Fikret Kutluğ (Kanun)<br/>10-Hicaz Taksim<br/>11-Mahur Taksim<br/>12-Acemkurdi Taksim<br/>13-Hüseyni Taksim<br/>14-Sultaniyegah Peşrev (İki Hane) ve Sultaniyegah Saz Semaisi: Kanuni Hacı Arif Bey Çalanlar Yorgo Becanos, Nubar Tekyay (Keman)<br/>15-Sûznak Oyun Havası (Bestecisi bilinmiyor)<br/>16-Nikriz Firto (Refik Fersan) Çalanlar: Yorgo Becanos, Sadi Işılay (Keman), Fahire Fersan (Kemençe), Ercüment Batanay (Tambur), Şükrü Tunar (Klarnet), Fevzi Aslangil (Piyano)<br/>17-Hicazkâr Taksim.<br/>
610 ## - KONU BAŞLIĞI EK GİRİŞİ - KURUM ADI
Kurum Adı Kalan Müzik Yapım
650 00 - KONU BAŞLIĞI EK GİRİŞ - KONU TERİMİ
Konusal terim veya coğrafi ad Ud Sanatçıları
Alt başlık biçimi Ud Sanatçıları|zTürkiye|vAlbümler
Genel Alt Konu Türk Sanat Müziği|zTürkiye|xYorumlar ve İcralar
Kronolojik Alt Konu 1997
Coğrafi Alt Konu Türkiye
942 ## - EK GİRİŞ ÖGELERİ (KOHA)
Source of classification or shelving scheme Dewey Decimal Classification
Koha item type Görsel-İşitsel Materyaller

No items available.